000 01267nam a22002537a 4500
005 20240814174534.0
008 s2528 th tha d
041 _atha
100 0 _aประภาศน์ อวยชัย
245 1 0 _aประมวลกฎหมายแพ่งและพาณิชย์ บรรพ 1 มาตรา 1 ถึง มาตรา 193
260 3 _aกรุงเทพฯ :
_bกรุงสยามการพิมพ์,
_c2528
300 _a1 เล่ม ;
_b 27 ซม.
650 0 4 _aกฎหมายแพ่งและพาณิชย์ -- ทรัพย์
650 0 4 _aกฎหมายแพ่งและพาณิชย์ -- นิติกรรม
650 0 4 _aกฎหมายแพ่งและพาณิชย์ -- บุคคล
650 0 4 _aกฎหมายแพ่งและพาณิชย์ -- ระยะเวลา
650 0 4 _aกฎหมายแพ่งและพาณิชย์ -- อายุความ
650 0 4 _aกฎหมายแพ่งและพาณิชย์ บรรพ 1
850 _aNALT
942 _cLB
997 _c000000000018895
998 _aPIYANART
_j25
_k นีลวัสน์ อินทรักษา
999 _c18895
_d18895
090 _aKS34 ป343ป 2528